|
|
|
|
| LEADER |
01300nab#a2200385#ar4500 |
| 001 |
000048331 |
| 003 |
SVKKK |
| 005 |
20040518153026.0 |
| 008 |
040518c2003 xo e slo |
| FMT |
|
|
|
| 015 |
|
|
|a SNBRB2004/05-14874
|
| 038 |
|
|
|a SVKKK
|
| 040 |
|
|
|a SVKKK
|b slo
|e AACR2
|
| 041 |
0 |
|
|a slo
|b eng
|
| 044 |
|
|
|a xo
|c SK
|
| 080 |
|
|
|a 330.15(437.6)
|2 1997
|
| 080 |
|
|
|a 556.3(437.6):330.15
|2 1997
|
| 100 |
1 |
|
|a Cicmanová, Soňa
|4 aut
|
| 245 |
1 |
0 |
|a Príspevok k možnému ekonomickému hodnoteniu a k problémom oceňovania podzemných vôd =
|b Contribution to the possible economical assessment and problems of groundwater resources valuation
|c Soňa Cicmanová, Milan Tréger, Peter Malík
|
| 246 |
3 |
1 |
|a Contribution to the possible economical assessment and problems of groundwater resources valuation
|
| 300 |
|
|
|b Tab.
|
| 504 |
|
|
|a Bibliogr. odkazy
|
| 504 |
|
|
|a Res. angl.
|
| 650 |
0 |
4 |
|a ekonómia environmentálna
|
| 650 |
0 |
4 |
|a kapitál prírodný
|
| 650 |
0 |
4 |
|a vody podzemné
|x oceňovanie
|x ekonómia environmentálna
|z Slovensko
|
| 700 |
1 |
|
|a Malík, Peter
|4 aut
|
| 700 |
1 |
|
|a Tréger, Milan
|4 aut
|
| 773 |
0 |
|
|t Podzemná voda
|x 1335-1052
|g Roč. 9, č. 2 (2003), s. 66-78
|
| 958 |
|
|
|a NB
|
| 958 |
|
|
|a SK
|
| 992 |
|
|
|a RBX
|
| BAS |
|
|
|
| 852 |
|
|
|a SVKKK
|b BIB
|
| 998 |
|
|
|a GEO
|